000 06866njm0a2200481 4500
001 RU\NLR\ONIZ\197884
005 20250708192237.0
035 _a(NLR Aleph) 010405419
071 0 0 _aRDCD 00892
090 _a13282345
_c13282345
100 _a20140313d2012 |||y0rusy50 ca
102 _aRU
126 _aaguxjxu ux
_bxxx
127 _a000067
135 _ahonoannnanndn
200 1 _a[Дирижирует] Евгений Светланов
_bЗвукозапись
_fисполняет : Государственный академический симфонический оркестр
210 _aМосква
_cФонд Евгения Светланова
_d2012
215 _a1зв. диск (67 мин)
_eприл. (10 с.)
_d12 см, в футл.
225 1 _aАнтология русской симфонической музыки
300 _aЗаписи 1963, 1966, 1967, 1974, 1977, 1990 гг
327 1 _a1. Первоначальная полька : Си бемоль мажор / М. И. Глинка ; инструментовка М. Балакирева ;
_a2. Танцы из оперы "Руслан и Людмила" : танцы в замке Наины (д. 3), восточные танцы в замке Черномора (д. 4) (турецкий, арабский, лезгинка) / М. И. Глинка.
_a3. В Средней Азии : музыкальная картина / А. П. Бородин ;
_a4. Увертюра к опере "Князь Игорь" / А. П. Бородин ;
_a5. Половецкие пляски с хором : из оперы "Князь Игорь" (д. 3) / А. П. Бородин ;
_a6. Половецкий марш из оперы "Князь Игорь" (д. 3) / А. П. Бородин
464 0 _12001#$aПервоначальная полька$eСи бемоль мажор$fМ. И. Глинка$gинструментовка М. Балакирева
_16061#$xЗвукозапись$aПольки для оркестра$yРоссия$z19 век$2nlr_sh
_1686##$aЩ951.1-058.55(28)$vLBC/SL$2rubbk
_1701#1$9z01790$aГлинка$bМ. И.$gМихаил Иванович$f1804-1857$4230$7ca
_1702#1$9z01790$aБалакирев$bМ. А.$gМилий Алексеевич$f1837-1910$4230$7ca
_1790#1$9z01701$aGlinka$bM. I.$gMichail Ivanovič$f1804-1857$4230$7ba
_1790#1$9z01702$aBalakirev$bM. A.$gMilij Alekseevich$f1837-1910$4230$7ba
_tПервоначальная полька
464 0 _12001#$aТанцы из оперы "Руслан и Людмила"$eтанцы в замке Наины (д. 3), восточные танцы в замке Черномора (д. 4) (турецкий, арабский, лезгинка)$fМ. И. Глинка
_150000$aРуслан и Людмила$iтанцы в замке Наины$iтанцы в замке Черномора (турецкий, арабский, лезгинка)$bЗвукозапись$lопера$rсимфонический оркестр
_16061#$aТанцы и опер$yРоссия$z19 век$jЗвукозапись$2nlr_sh
_16061#$aТанцы для симфонического оркестра$yРоссия$z19 век$jЗвукозапись$2nlr_sh
_1686##$aЩ951.1-071.2я44(28)$vLBC/SL$2rubbk
_1686##$aЩ951.1-058.55я44(28)$vLBC/SL$2rubbk
_1701#1$9z01790$aГлинка$bМ. И.$gМихаил Иванович$f1804-1857$4230$7ca
_1790#1$9z01701$aGlinka$bM. I.$gMichail Ivanovič$f1804-1857$4230$7ba
_tТанцы из оперы "Руслан и Людмила"
464 0 _12001#$aВ Средней Азии$eмузыкальная картина$fА. П. Бородин
_16061#$aМузыкальные картины для симфонического оркестра$yРоссия$z19-20 вв$jЗвукозапись$2nlr_sh
_1686##$aЩ951.1-058.1(28)$vLBC/SL$2rubbk
_1701#1$9z01790$aБородин$bА. П.$gАлександр Порфирьевич$f1833-1887$4230$7ca
_1790#1$9z01701$aBorodin$bA. P.$gAleksandr Porfir`evič$f1833-1887$4230$7ba
_tВ Средней Азии
464 0 _12001#$aУвертюра к опере "Князь Игорь"$fА. П. Бородин
_150000$aКнязь Игорь$iувертюра$lопера$rсимфонический оркестр$bЗвукозапись
_16061#$aУвертюры к операм$yРоссия$z19 век$jЗвукозапись$2nlr_sh
_1686##$aЩ951.1-071.2(28)$vLBC/SL$2rubbk
_1701#1$9z01790$aБородин$bА. П.$gАлександр Порфирьевич$f1833-1887$4230$7ca
_1790#1$9z01701$aBorodin$bA. P.$gAleksandr Porfir`evič$f1833-1887$4230$7ba
_tУвертюра к опере "Князь Игорь"
464 0 _12001#$aПоловецкие пляски с хором$eиз оперы "Князь Игорь" (д. 2)$fА. П. Бородин
_150000$aКнязь Игорь$iПоловецкие пляски с хором (д. 2)$bЗвукозапись$lопера$rсимфонический оркестр$rхор
_1686##$aЩ971(28)$vLBC/SL$2rubbk
_1701#1$9z01790$aБородин$bА. П.$gАлександр Порфирьевич$f1833-1887$4230$7ca
_1790#1$9z01701$aBorodin$bA. P.$gAleksandr Porfir`evič$f1833-1887$4230$7ba
_tПоловецкие пляски с хором
464 0 _12001#$aПоловецкий марш из оперы "Князь Игорь" (д. 3)$fА. П. Бородин
_150000$aКнязь Игорь$iПоловецкий марш (д. 3)$bЗвукозапись$lопера$rсимфонический оркестр
_16061#$aМарши для симфонического оркестра$yРоссия$z19 век$jЗвукозапись$2nlr_sh
_1686##$aЩ951.1-071.2(28)$vLBC/SL$2rubbk
_1686##$aЩ951.1-058.53(28)$vLBC/SL$2rubbk
_1701#1$9z01790$aБородин$bА. П.$gАлександр Порфирьевич$f1833-1887$4230$7ca
_1790#1$9z01701$aBorodin$bA. P.$gAleksandr Porfir`evič$f1833-1887$4230$7ba
_tПоловецкий марш из оперы "Князь Игорь" (д. 3)
606 1 _aМузыка симфоническая русская
_z19 век
_jЗвукозапись
_2nlr_sh
606 1 _aДирижёры советские российские
_z20 в.
_jЗвукозапись
_2nlr_sh
606 1 _aТанцы из опер
_xЗвукозапись
_yРоссия
_z19 век
_2nlr_sh
686 _aЩ951.1, 8(2)
_vLBC/SL
_2rubbk
700 1 _9z02790
_aСветланов
_bЕ. Ф.
_f1928-2002
_gЕвгений Федорович
_4250
_7ca
712 0 2 _aГосударственный академический симфонический оркестр
_4590
_7ca
790 1 _9z02700
_aSvetlanov
_bE.
_f1928-2002
_gEvgenij
_4250
_7ba
801 0 _aRU
_bNLR
_c20140313
_gPSBO
801 1 _aRU
_bNLR
_c20140313
_2rusmarc
801 2 _aRU
_bNLR
_c20220715
852 _aNLR
_bМг
_jД/1873
_p3866
_t1
942 _cREC
980 _aNB
980 _aONIZ